00408nam a22001457a 450000500170000000800410001702000150005804100130007308200150008610000130010124500390011426000580015330000260021165000250023720231123143642.0231123b |||||||| |||| 00| 0 eng d a0862102103 aEnglish  a341.48 AMN lEnglish  aAmnesty International Report 1992  aLondon : bAmnesty International Publications, c1993 b311 pages ; c24 cm.  aLegal practice bLaw